1882 1331 1453 1491 1722 1960 1651 1994 1489 1453 1044 1522 1017 1289 1009 1915 1585 1845 1811 1965 1023 1542 1712 1411 1966 1659 1434 1757 1770 1063 1300 1670 1223 1923 1851 1567 1811 1548 1643 1723 1825 1619 1562 1711 1421 1109 1752 1607 1295 1008 1417 1020 1684 1750 1528 1936 1853 1611 1931 1746 1094 1073 1635 1821 1210 1076 1404 1855 1665 1414 1076 1544 1905 1343 1476 1187 1945 1416 1943 1509 1064 1780 1682 1556 1238 1538 1319 1244 1237 1059 1677 1282 1509 1200 1935 1603 1295 1468 1016 BCNSPRNW ULIB Ver.6.0+V

เปลี่ยนเป็นภาษาไทย

Change to English
 แสดงรายละเอียดบรรณานุกรม
  กลับหน้าหลัก

Brief Record : Get Marc (ISO 2709) : E-mail record : QR code < ปิดหน้าต่าง
LEADER : 00000nam 2200000uu 4500
001    13399128615
003     ULIB
008    230921s||||||||th 000 0 tha d
020    ^a9786165938488
060  0 ^aWY141^bพ718ก
100    ^aพิมพ์พรรณ ศิลปสุวรรณ
245    ^aการพยาบาลอาชีวอนามัยและความปลอดภัยแนวคิดสู่การปฏิบัติ ยุคโควิด-19
250    ^aพิมพ์ครั้งที่ 5
260    ^aกรุงเทพฯ :^bสำนักพิมพ์จุฬาลงกรณ์มหาวิทยาลัย,^c2565
300    ^a660 หน้า;^b26 ซม.
650    ^aการพยาบาลอาชีวอนามัย - ยุคโควิด-19
945    ^p650^l0^i29866
945    ^p650^l0^i29867
945    ^p650^l0^i29868
999    ^aกัณชพร จุลอักษร
รายการนี้ยังไม่มีแท็ก
คุณยังไม่ได้ล็อกอิน คุณสามารถมีกิจกรรมร่วมกับเว็บไซต์ได้ แต่ต้องล็อกอินก่อน ::
  ล็อกอิน

รายการสื่อสารสนเทศ

ลำดับที่ ประเภท เลขเรียก/บาร์โค้ด สถานที่ สถานะ
1. หนังสือสำรอง
หนังสือสำรอง
WY141 พ718ก ฉ.1 
  Barcode: 29866
ห้องสมุดวิทยาเขตนครสวรรค์
►หนังสือทั่วไป:l:General Books
บนชั้น
2. วิทยาศาสตร์การแพทย์ และสุขภาพ
วิทยาศาสตร์การแพทย์ และสุขภาพ
WY141 พ718ก ฉ.2 
  Barcode: 29867
ห้องสมุดวิทยาเขตนครสวรรค์
►หนังสือทั่วไป:l:General Books
บนชั้น
3. วิทยาศาสตร์การแพทย์ และสุขภาพ
วิทยาศาสตร์การแพทย์ และสุขภาพ
WY141 พ718ก ฉ.3 
  Barcode: 29868
ห้องสมุดวิทยาเขตนครสวรรค์
►หนังสือทั่วไป:l:General Books
บนชั้น

รายการใกล้เคียง
    ชื่อเรื่อง [การพยาบาลอาชีวอนามัยและความปลอดภัยแนวคิดสู่การปฏิบัติ ยุคโควิด-19]

    ผู้แต่ง [พิมพ์พรรณ ศิลปสุวรรณ]

    หัวเรื่อง [การพยาบาลอาชีวอนามัย - ยุคโควิด-19]

BibComment


ยังไม่เคยถูกคอมเมนท์

คอมเมนท์ทรัพยากรรายการนี้
  คอมเมนท์: การพยาบาลอาชีวอน..


 Copyright 2026. Bcnsprnw @Library